[Event "DEM U10 2005"]
[Site "Willingen GER"]
[Date "2005.05.18"]
[Round "7"]
[White "Spangenberg, Romy"]
[Black "Gerntke, Oliver"]
[Result "1/2-1/2"]
[Termination "normal"]
[Board "23"]
[WhiteElo "1239"]
[BlackElo "1085"]
[PlyCount "58"]
[WhiteFideId "4627997"]
[BlackFideId "24647977"]
[EventCountry "GER"]
[EventRounds "11"]
[EventType "swiss"]
[EventDate "2005.05.15"]

1. e4 e5 2. Nf3 Nc6 3. d4 exd4 4. Nxd4 Bc5 5. Be3 Qf6 6. c3 Nge7 7. g3 d5 8.
Bg2 dxe4 9. Nb5 Bd6 10. Nxd6+ cxd6 11. O-O d5 12. Na3 O-O 13. Nc2 Rd8 14. Qh5
Ng6 15. Rad1 Qf5 16. Qxf5 Bxf5 17. Nd4 Nxd4 18. Rxd4 Rd7 19. Rfd1 Rad8 20. R4d2
Bg4 21. Rc1 b6 22. b3 Bf5 23. Rcd1 Bg4 24. Re1 Ne5 25. Rc2 Nf3+ 26. Bxf3 Bxf3
27. h4 h6 28. Kh2 Kh7 29. b4 b5 1/2-1/2

[Event "DEM U10 2005"]
[Site "Willingen GER"]
[Date "2005.05.18"]
[Round "7"]
[White "Schröder, Björn"]
[Black "Schäfer, Daniela"]
[Result "1-0"]
[Termination "normal"]
[Board "24"]
[WhiteElo "1035"]
[BlackElo "1233"]
[PlyCount "159"]
[BlackFideId "4624769"]
[EventCountry "GER"]
[EventRounds "11"]
[EventType "swiss"]
[EventDate "2005.05.15"]

1. d4 d6 2. c4 g6 3. e3 Bg7 4. Bd2 Nf6 5. Bc3 c6 6. Bd3 Nbd7 7. Ne2 Qc7 8. O-O
O-O 9. Qc2 e5 10. Nd2 b6 11. b3 Bb7 12. Rfd1 Rfe8 13. Rac1 Rac8 14. a4 a5 15.
Nf3 e4 16. Ne1 exd3 17. Nxd3 c5 18. Ndf4 Re7 19. Qd2 Ne4 20. Qd3 Nxc3 21. Rxc3
Nf6 22. f3 Rce8 23. e4 cxd4 24. Nxd4 Qc5 25. Nfe2 Nd7 26. Kh1 Ne5 27. Qd2 Nd7
28. Rcc1 Nf6 29. Nc2 Rd8 30. Qd4 Ne8 31. Qxc5 dxc5 32. Rxd8 Bf6 33. Rd3 Kg7 34.
Rcd1 Bg5 35. Rd7 Rxd7 36. Rxd7 Bc6 37. Rd3 Kf6 38. g3 Ke5 39. f4+ Ke6 40. fxg5
Bxe4+ 41. Kg1 Bxd3 42. Nf4+ Kf5 43. Nxd3 Kxg5 44. Ne3 Nd6 45. Kg2 Ne4 46. h4+
Kf6 47. Nf1 Kf5 48. Kf3 h5 49. Nf4 Nf6 50. Ne3+ Ke5 51. Nc2 Kf5 52. Ne2 Ng4 53.
Ne3+ Nxe3 54. Kxe3 Ke5 55. Ng1 f6 56. Nh3 Kf5 57. Nf4 g5 58. Nxh5 gxh4 59. gxh4
Kg4 60. Nxf6+ Kxh4 61. Nd7 Kg5 62. Nxb6 Kf6 63. Nd7+ Ke7 64. Nxc5 Kd8 65. Nb7+
Kc7 66. Nxa5 Kb6 67. Nb7 Kc6 68. Kd4 Kxb7 69. Kc5 Kc8 70. Kc6 Kb8 71. Kd7 Kb7
72. c5 Kb8 73. c6 Ka7 74. c7 Ka8 75. c8=Q+ Ka7 76. b4 Kb6 77. Qc5+ Kb7 78. Qb5+
Ka7 79. Kc7 Ka8 80. Qb7# 1-0

[Event "DEM U10 2005"]
[Site "Willingen GER"]
[Date "2005.05.18"]
[Round "7"]
[White "Riebold, Johannes"]
[Black "Rethmann, Kristin"]
[Result "1/2-1/2"]
[Termination "normal"]
[Board "25"]
[WhiteElo "1221"]
[BlackElo "863"]
[PlyCount "93"]
[BlackFideId "24655805"]
[EventCountry "GER"]
[EventRounds "11"]
[EventType "swiss"]
[EventDate "2005.05.15"]

1. e4 d5 2. exd5 Qxd5 3. Nc3 Qa5 4. Bc4 Nf6 5. Nf3 Bf5 6. d3 c6 7. Bd2 Qc7 8.
Be3 e6 9. a3 Bd6 10. Qd2 Nbd7 11. d4 O-O-O 12. h3 Nb6 13. Bd3 Bxd3 14. Qxd3
Rhe8 15. Qe2 Nbd5 16. Nxd5 exd5 17. Qd3 Rd7 18. O-O h5 19. Rfe1 Ne4 20. Ng5
Nxg5 21. Bxg5 Rxe1+ 22. Rxe1 Qb6 23. b4 f6 24. Re8+ Kc7 25. Be3 Rd8 26. Rxd8
Kxd8 27. Qg6 Qa6 28. Qxg7 Qxa3 29. Qxf6+ Kc7 30. g3 Bxb4 31. Qf7+ Kb6 32. Qxh5
a5 33. g4 a4 34. g5 Qc3 35. g6 a3 36. g7 a2 37. g8=Q a1=Q+ 38. Kg2 Qce1 39.
Qgg4 Qh1+ 40. Kg3 Bd6+ 41. Kh4 Be7+ 42. Bg5 Bxg5+ 43. Qhxg5 Qae1 44. Qg3 Qhe4+
45. Q5g4 Qxc2 46. f4 Qe7+ 47. Qg5 1/2-1/2

[Event "DEM U10 2005"]
[Site "Willingen GER"]
[Date "2005.05.18"]
[Round "7"]
[White "Marx, Inga"]
[Black "Collmer, Dominik"]
[Result "0-1"]
[Termination "normal"]
[Board "26"]
[WhiteElo "920"]
[BlackElo "1216"]
[PlyCount "46"]
[WhiteFideId "4654749"]
[BlackFideId "4620763"]
[EventCountry "GER"]
[EventRounds "11"]
[EventType "swiss"]
[EventDate "2005.05.15"]

1. e4 c5 2. Nf3 Nc6 3. Nc3 e6 4. d4 cxd4 5. Nxd4 Nf6 6. Be3 d5 7. exd5 exd5 8.
Bb5 Bd7 9. Qd2 Bb4 10. a3 Ne4 11. Nxc6 bxc6 12. Qe2 Nxc3 13. Bg5+ Nxe2+ 14. c3
Qxg5 15. Bxe2 Qxg2 16. Rf1 Bd6 17. Kd2 Bf4+ 18. Ke1 Bxh2 19. Kd2 O-O 20. Rad1
Rfe8 21. b4 Bf4+ 22. Ke1 Bg4 23. a4 Rxe2# 0-1

[Event "DEM U10 2005"]
[Site "Willingen GER"]
[Date "2005.05.18"]
[Round "7"]
[White "Zeller, Elisa"]
[Black "Pältz, Sebastian"]
[Result "0-1"]
[Termination "normal"]
[Board "27"]
[WhiteElo "794"]
[BlackElo "1196"]
[PlyCount "70"]
[WhiteFideId "24662410"]
[BlackFideId "24648027"]
[EventCountry "GER"]
[EventRounds "11"]
[EventType "swiss"]
[EventDate "2005.05.15"]

1. e4 e5 2. Nf3 Nc6 3. Nc3 Nf6 4. Bc4 Bc5 5. d3 h6 6. Be3 Bb6 7. Qd2 d6 8. h3
O-O 9. O-O-O Be6 10. Bxe6 fxe6 11. Bxb6 axb6 12. Rde1 Nb4 13. a3 Nc6 14. d4
exd4 15. Nxd4 Nxd4 16. Qxd4 c5 17. Qc4 d5 18. exd5 exd5 19. Qb5 Ra5 20. Qe2 d4
21. Ne4 Nxe4 22. Qxe4 Rxf2 23. Qxb7 Qg5+ 24. Kb1 Qf5 25. Re8+ Kh7 26. Rc1 d3
27. Qxb6 dxc2+ 28. Ka1 Rf1 29. Rxf1 Qxf1+ 30. Ka2 Qf7+ 31. Qe6 Qxe6+ 32. Rxe6
c1=Q 33. Re2 Qc4+ 34. Kb1 Qxe2 35. Ka2 Rb5 0-1

[Event "DEM U10 2005"]
[Site "Willingen GER"]
[Date "2005.05.18"]
[Round "7"]
[White "Gitter, Lucas"]
[Black "Barden, Andrea"]
[Result "1-0"]
[Termination "normal"]
[Board "28"]
[WhiteElo "1187"]
[BlackElo "990"]
[PlyCount "61"]
[WhiteFideId "24667587"]
[BlackFideId "24698822"]
[EventCountry "GER"]
[EventRounds "11"]
[EventType "swiss"]
[EventDate "2005.05.15"]

1. e4 g6 2. d4 Bg7 3. f4 d6 4. Nf3 Nf6 5. Bd3 O-O 6. Be3 Bg4 7. h3 Bxf3 8. Qxf3
e6 9. Nc3 Nc6 10. O-O d5 11. e5 Nd7 12. g4 f6 13. Qg3 fxe5 14. fxe5 Rxf1+ 15.
Rxf1 Qe7 16. h4 Nb4 17. Bg5 Qe8 18. Bf6 Nxd3 19. Qxd3 Bxf6 20. exf6 Qf7 21. g5
c6 22. Nd1 e5 23. Ne3 e4 24. Qe2 Nb6 25. Ng4 Na4 26. Nh6+ Kf8 27. Nxf7 Kxf7 28.
b3 Nc3 29. Qg4 Re8 30. Qd7+ Kf8 31. Qg7# 1-0

[Event "DEM U10 2005"]
[Site "Willingen GER"]
[Date "2005.05.18"]
[Round "7"]
[White "Hümmecke, Aaron"]
[Black "Grzeca, Pascal"]
[Result "0-1"]
[Termination "normal"]
[Board "29"]
[WhiteElo "770"]
[BlackElo "1142"]
[PlyCount "98"]
[WhiteFideId "24692522"]
[BlackFideId "24600741"]
[EventCountry "GER"]
[EventRounds "11"]
[EventType "swiss"]
[EventDate "2005.05.15"]

1. e4 c6 2. Nc3 e5 3. d4 exd4 4. Qxd4 d6 5. Bc4 Qf6 6. Nf3 b5 7. Qxf6 Nxf6 8.
Bd3 Bg4 9. Nd4 b4 10. Nce2 Be7 11. O-O O-O 12. Bd2 c5 13. Nf5 Re8 14. h3 Bxe2
15. Nxe7+ Rxe7 16. Bxe2 Nxe4 17. Rad1 Nxd2 18. Rxd2 Na6 19. Re1 Rd8 20. Kf1 Nc7
21. Bg4 Rxe1+ 22. Kxe1 Ne6 23. Bxe6 fxe6 24. Re2 Kf7 25. f4 g6 26. g4 Kf6 27.
h4 e5 28. g5+ Kf5 29. fxe5 dxe5 30. Rf2+ Kg4 31. Rg2+ Kxh4 32. Kf2 Rd2+ 33. Kf3
Rxg2 34. Kxg2 Kxg5 35. Kg3 e4 36. a4 h5 37. c3 Kf5 38. cxb4 cxb4 39. a5 g5 40.
a6 h4+ 41. Kf2 h3 42. b3 e3+ 43. Kf3 e2 44. Kxe2 h2 45. Kf2 h1=Q 46. Kg3 Qh4+
47. Kg2 Kf4 48. Kg1 Kf3 49. Kf1 Qh1# 0-1

[Event "DEM U10 2005"]
[Site "Willingen GER"]
[Date "2005.05.18"]
[Round "7"]
[White "Titgemeyer, Sven"]
[Black "Matschewsky, Justus"]
[Result "1/2-1/2"]
[Termination "normal"]
[Board "31"]
[WhiteElo "1041"]
[BlackElo "1235"]
[PlyCount "43"]
[WhiteFideId "24676934"]
[BlackFideId "24678708"]
[EventCountry "GER"]
[EventRounds "11"]
[EventType "swiss"]
[EventDate "2005.05.15"]

1. e4 e5 2. Nf3 Nc6 3. Bc4 Bc5 4. c3 Nf6 5. d4 exd4 6. e5 Ng4 7. cxd4 Bb4+ 8.
Nc3 d5 9. Bb5 O-O 10. h3 Nh6 11. Bxh6 gxh6 12. O-O Bxc3 13. bxc3 Bf5 14. Qd2 h5
15. Bd3 Bxd3 16. Qxd3 Kh8 17. Qd2 Rg8 18. Qh6 Rg7 19. Qxh5 Qd7 20. Rab1 b6 21.
Kh2 Rag8 22. Rg1 1/2-1/2

[Event "DEM U10 2005"]
[Site "Willingen GER"]
[Date "2005.05.18"]
[Round "7"]
[White "Hauffen, Franziska"]
[Black "Weber, Clemens"]
[Result "1/2-1/2"]
[Termination "normal"]
[Board "32"]
[WhiteElo "1014"]
[BlackElo "1165"]
[PlyCount "58"]
[BlackFideId "12927813"]
[EventCountry "GER"]
[EventRounds "11"]
[EventType "swiss"]
[EventDate "2005.05.15"]

1. e4 e5 2. Nf3 Nc6 3. Bc4 Be7 4. d3 Nf6 5. Nc3 d6 6. h3 Be6 7. Bb3 O-O 8. Qe2
Qd7 9. Bg5 Rab8 10. O-O b5 11. a3 Nd4 12. Nxd4 exd4 13. Bxe6 fxe6 14. Nd1 c5
15. c3 a5 16. cxd4 cxd4 17. Rc1 Rbe8 18. b4 Rc8 19. Rxc8 Rxc8 20. Qb2 e5 21.
Qb3+ Kh8 22. Qb2 d5 23. f3 Qd6 24. Nf2 dxe4 25. Nxe4 Nxe4 26. Bxe7 Qxe7 27.
fxe4 Qg5 28. Qc2 Qd8 29. Qf2 h6 1/2-1/2

[Event "DEM U10 2005"]
[Site "Willingen GER"]
[Date "2005.05.18"]
[Round "7"]
[White "Oltzen, Aljoscha"]
[Black "Schnorr, Christian"]
[Result "1-0"]
[Termination "normal"]
[Board "33"]
[WhiteElo "933"]
[BlackElo "1143"]
[PlyCount "135"]
[EventCountry "GER"]
[EventRounds "11"]
[EventType "swiss"]
[EventDate "2005.05.15"]

1. e4 c5 2. Nf3 Nc6 3. d4 cxd4 4. Nxd4 g6 5. Nc3 Bg7 6. Be3 d6 7. Qd2 Nf6 8. f3
Bd7 9. Bh6 Nxd4 10. Bxg7 Rg8 11. Bxf6 Nxf3+ 12. gxf3 exf6 13. Qxd6 f5 14. Bb5
Bxb5 15. Qxd8+ Rxd8 16. Nxb5 fxe4 17. fxe4 a6 18. Nc7+ Kd7 19. Nd5 Kd6 20.
O-O-O Ke5 21. Nc3 b5 22. Rxd8 Rxd8 23. Nd5 Kxe4 24. Nf6+ Ke5 25. Nxh7 f6 26.
Re1+ Kd6 27. Rd1+ Ke7 28. Rxd8 Kxd8 29. Nxf6 Kc7 30. h4 a5 31. Nd5+ Kd6 32. Nf4
Ke5 33. Nxg6+ Kf5 34. h5 Kg5 35. Ne5 Kxh5 36. b4 axb4 37. Kb2 Kg5 38. Kb3 Kf5
39. Nc6 Ke6 40. Kxb4 Kd6 41. Kxb5 Kc7 42. a4 Kb7 43. a5 Ka8 44. Nd4 Ka7 45. a6
Ka8 46. c4 Kb8 47. Ne6 Ka7 48. Nc5 Kb8 49. Nb3 Ka7 50. Nc5 Kb8 51. Na4 Ka7 52.
Nb6 Kb8 53. c5 Ka7 54. c6 Kb8 55. c7+ Kxc7 56. a7 Kd6 57. a8=Q Ke5 58. Qd8 Ke6
59. Qd5+ Kf6 60. Kc6 Ke7 61. Qd6+ Kf7 62. Kd5 Kg7 63. Qe6 Kh7 64. Qg4 Kh6 65.
Ke6 Kh7 66. Qg5 Kh8 67. Kf7 Kh7 68. Qg7# 1-0

[Event "DEM U10 2005"]
[Site "Willingen GER"]
[Date "2005.05.18"]
[Round "7"]
[White "Scholz, Andre"]
[Black "Schäfer, Ann-Kathrin"]
[Result "0-1"]
[Termination "normal"]
[Board "35"]
[WhiteElo "900"]
[BlackElo "1118"]
[PlyCount "58"]
[BlackFideId "24615412"]
[EventCountry "GER"]
[EventRounds "11"]
[EventType "swiss"]
[EventDate "2005.05.15"]

1. e4 c5 2. Nf3 e6 3. d4 cxd4 4. Nxd4 a6 5. Nc3 Qc7 6. g3 d6 7. Bg2 Nd7 8. Be3
Ngf6 9. Qd2 Be7 10. O-O-O Rb8 11. h4 b5 12. h5 Bb7 13. h6 g6 14. Bg5 b4 15.
Nce2 Nxe4 16. Bxe4 Bxe4 17. Rh4 Bxg5 18. Qxg5 d5 19. Nf4 Rc8 20. Rd2 e5 21.
Nfe6 fxe6 22. Nxe6 Qc6 23. f4 Qxe6 24. g4 Rf8 25. f5 gxf5 26. gxf5 Rxf5 27. Qg7
Rf1+ 28. Rd1 Rxc2+ 29. Kb1 Rxd1# 0-1

[Event "DEM U10 2005"]
[Site "Willingen GER"]
[Date "2005.05.18"]
[Round "7"]
[White "Spilke, Paul"]
[Black "Dang, An-Hai"]
[Result "0-1"]
[Termination "normal"]
[Board "36"]
[WhiteElo "893"]
[BlackElo "1038"]
[PlyCount "128"]
[EventCountry "GER"]
[EventRounds "11"]
[EventType "swiss"]
[EventDate "2005.05.15"]

1. e4 d5 2. exd5 Nf6 3. Nc3 Nxd5 4. Nxd5 Qxd5 5. Nf3 Bg4 6. Be2 e5 7. h3 Bh5 8.
d3 Bc5 9. O-O Nc6 10. Be3 Bxe3 11. fxe3 O-O-O 12. e4 Qc5+ 13. Kh1 Rhe8 14. Ng5
Bxe2 15. Qxe2 f6 16. Nf3 h5 17. h4 Nb4 18. Rfc1 Re6 19. c3 Nxd3 20. Rcb1 Rb6
21. b4 Qxc3 22. Ne1 Rxb4 23. Rxb4 Qxa1 24. Ra4 Qxe1+ 25. Qxe1 Nxe1 26. Rxa7 Kb8
27. Ra3 Rd1 28. Kh2 Rd3 29. Ra4 g5 30. hxg5 fxg5 31. Ra5 Rd2 32. Rxe5 Rxg2+ 33.
Kh1 h4 34. Re8+ Ka7 35. Rh8 Rxa2 36. e5 Re2 37. Re8 Nf3 38. e6 b5 39. Rd8 b4
40. Rd1 b3 41. Rb1 b2 42. e7 Re1+ 43. Rxe1 Nxe1 44. Kg1 b1=Q 45. e8=Q Nd3+ 46.
Kg2 Qc2+ 47. Kf3 Qd1+ 48. Kg2 Nf4+ 49. Kf2 Qd2+ 50. Kf3 Qe2+ 51. Qxe2 Nxe2 52.
Kxe2 c5 53. Kf3 c4 54. Kg4 c3 55. Kh5 c2 56. Kg4 c1=Q 57. Kh5 h3 58. Kg4 h2 59.
Kh5 h1=Q+ 60. Kg6 g4 61. Kf5 g3 62. Ke5 g2 63. Kd5 g1=R+ 64. Kd4 Qa3 0-1

[Event "DEM U10 2005"]
[Site "Willingen GER"]
[Date "2005.05.18"]
[Round "7"]
[White "Kalliwoda, Theresa"]
[Black "Steinicke, Rebecca"]
[Result "0-1"]
[Termination "normal"]
[Board "37"]
[WhiteElo "868"]
[BlackElo "1019"]
[PlyCount "50"]
[EventCountry "GER"]
[EventRounds "11"]
[EventType "swiss"]
[EventDate "2005.05.15"]

1. e4 e5 2. Nf3 Nc6 3. Bc4 Nf6 4. Ng5 d5 5. exd5 Nd4 6. O-O b5 7. Bb3 Nxb3 8.
axb3 Qxd5 9. Nc3 Qc6 10. d3 h6 11. Nge4 Nxe4 12. Nxe4 Qg6 13. g3 Bb4 14. c3 Be7
15. Re1 O-O 16. b4 Bg4 17. Qb3 Bh4 18. Nc5 Bh3 19. Rxe5 Rae8 20. Bf4 Rxe5 21.
Bxe5 Qh5 22. Bxc7 Qf3 23. Qd5 Qxd5 24. Ne4 Qxd3 25. Re1 Qf3 0-1

[Event "DEM U10 2005"]
[Site "Willingen GER"]
[Date "2005.05.18"]
[Round "7"]
[White "Chevelevitch, Valentin"]
[Black "Klumpe, Jan-Karl"]
[Result "0-1"]
[Termination "normal"]
[Board "38"]
[WhiteElo "1003"]
[BlackElo "936"]
[PlyCount "62"]
[WhiteFideId "12945587"]
[EventCountry "GER"]
[EventRounds "11"]
[EventType "swiss"]
[EventDate "2005.05.15"]

1. e4 e5 2. Nf3 Nc6 3. Bc4 Nf6 4. Ng5 d5 5. exd5 h6 6. Nxf7 Kxf7 7. dxc6+ Ke8
8. cxb7 Bxb7 9. O-O Bc5 10. Re1 Qd6 11. d3 Kd7 12. Be3 Rad8 13. Bxc5 Qxc5 14.
Nc3 Kc8 15. Qd2 Qxc4 16. Rxe5 Qc6 17. f3 Qb6+ 18. Kf1 Qxb2 19. Rb1 Qa3 20. Rb3
Qd6 21. Reb5 Bc6 22. Rb8+ Kd7 23. Rxd8+ Rxd8 24. Nb5 Bxb5 25. Rxb5 Qa6 26. Ra5
Qb6 27. g3 Kc8 28. Re5 Qb1+ 29. Kg2 Qxa2 30. Re7 Rg8 31. Qc3 Nd5 0-1

[Event "DEM U10 2005"]
[Site "Willingen GER"]
[Date "2005.05.18"]
[Round "7"]
[White "Meir, Lenz"]
[Black "Brühan, Jan"]
[Result "1/2-1/2"]
[Termination "normal"]
[Board "39"]
[WhiteElo "993"]
[BlackElo "784"]
[PlyCount "111"]
[EventCountry "GER"]
[EventRounds "11"]
[EventType "swiss"]
[EventDate "2005.05.15"]

1. d4 d5 2. c4 Nf6 3. Nc3 e6 4. Nf3 Be7 5. e3 O-O 6. Bd3 Nbd7 7. O-O dxc4 8.
Bxc4 a6 9. b3 b5 10. Bd3 c5 11. Qc2 Bb7 12. dxc5 Nxc5 13. Be2 Be4 14. Qd2 Qc7
15. Ng5 Nd5 16. Ncxe4 Qe5 17. Bb2 Nxe4 18. Nxe4 Qxe4 19. Bf3 Qf5 20. e4 Qg5 21.
Qxg5 Bxg5 22. exd5 exd5 23. Bxd5 Ra7 24. f4 Rd7 25. Rad1 Rfd8 26. fxg5 Rxd5 27.
Rxd5 Rxd5 28. Re1 h6 29. gxh6 gxh6 30. Re8+ Kh7 31. Rh8+ Kg6 32. Rg8+ Kh5 33.
g4+ Kh4 34. Bf6+ Kh3 35. Rh8 Rd1+ 36. Kf2 Kxg4 37. Rxh6 Rd2+ 38. Ke3 Rxa2 39.
Rh8 Ra3 40. h4 Rxb3+ 41. Kd2 Rf3 42. Rg8+ Kf5 43. Be7 a5 44. h5 Rh3 45. Rg5+
Kf4 46. Rxb5 a4 47. Bg5+ Kg4 48. Be7 a3 49. Ra5 a2 50. Bf6 Rf3 51. Rg5+ Kf4 52.
h6 a1=Q 53. Bxa1 Kxg5 54. h7 Rh3 55. h8=Q Rxh8 56. Bxh8 1/2-1/2

[Event "DEM U10 2005"]
[Site "Willingen GER"]
[Date "2005.05.18"]
[Round "7"]
[White "Geise, Maria"]
[Black "Princeataia, Elina"]
[Result "1-0"]
[Termination "normal"]
[Board "40"]
[WhiteElo "990"]
[BlackElo "729"]
[PlyCount "65"]
[EventCountry "GER"]
[EventRounds "11"]
[EventType "swiss"]
[EventDate "2005.05.15"]

1. e4 e5 2. Nf3 Nc6 3. Bb5 a6 4. Bxc6 bxc6 5. O-O Nf6 6. Nc3 Bc5 7. d4 Bb6 8.
dxe5 Ng8 9. Bg5 Ne7 10. Qe2 O-O 11. Rad1 h6 12. Bh4 d5 13. exd6 cxd6 14. h3 Be6
15. Nd4 Bd7 16. Qf3 f6 17. Bg3 c5 18. Nf5 Nc8 19. Bxd6 Nxd6 20. Nxd6 Qe7 21.
Qg3 Bc7 22. Rfe1 Rfe8 23. Rd2 Rad8 24. Red1 Be6 25. Nf5 Bxf5 26. Qf3 Bd7 27.
Nd5 Qd6 28. Nxf6+ gxf6 29. Rxd6 Bxd6 30. Rxd6 f5 31. Qg3+ Kf8 32. Rf6+ Ke7 33.
Qg7# 1-0

[Event "DEM U10 2005"]
[Site "Willingen GER"]
[Date "2005.05.18"]
[Round "7"]
[White "Bluhm, Sonja Maria"]
[Black "Mädge, Rico"]
[Result "1-0"]
[Termination "normal"]
[Board "44"]
[WhiteElo "797"]
[BlackElo "826"]
[PlyCount "55"]
[WhiteFideId "24654027"]
[EventCountry "GER"]
[EventRounds "11"]
[EventType "swiss"]
[EventDate "2005.05.15"]

1. e4 d5 2. exd5 Qxd5 3. Nc3 Qe5+ 4. Qe2 Qd4 5. Nb5 Bg4 6. Nxd4 Bxe2 7. Bxe2
Nf6 8. Nb5 Nd5 9. Bf3 c6 10. Bxd5 cxb5 11. Bxb7 e6 12. Bxa8 Bc5 13. c3 O-O 14.
d4 Bd6 15. Nf3 Re8 16. O-O Nd7 17. Bc6 Rd8 18. Bxd7 Rxd7 19. Ne5 Rc7 20. Be3
Rb7 21. a4 b4 22. cxb4 Rxb4 23. Nc6 Rxb2 24. Nxa7 e5 25. dxe5 Bxe5 26. Rab1 Ra2
27. Nc6 Bc3 28. Rb8# 1-0

[Event "DEM U10 2005"]
[Site "Willingen GER"]
[Date "2005.05.18"]
[Round "7"]
[White "Pannier, Lukas"]
[Black "Scheel, Henrik"]
[Result "0-1"]
[Termination "normal"]
[Board "45"]
[WhiteElo "948"]
[BlackElo "986"]
[PlyCount "50"]
[BlackFideId "24692115"]
[EventCountry "GER"]
[EventRounds "11"]
[EventType "swiss"]
[EventDate "2005.05.15"]

1. e4 e5 2. Nf3 Nc6 3. Bc4 Bc5 4. O-O Nf6 5. Nc3 O-O 6. d3 h6 7. Bd2 d6 8. h3
Be6 9. Bb3 Qd7 10. Bxe6 fxe6 11. Qc1 Kh7 12. Re1 a6 13. a3 Bd4 14. Rb1 Qf7 15.
Bg5 Bb6 16. b4 Nd4 17. Bxh6 gxh6 18. Nd2 Nh5 19. Nd1 Nxc2 20. Qxc2 Bxf2+ 21.
Nxf2 Qxf2+ 22. Kh1 Nf4 23. Rg1 Rg8 24. g3 Rxg3 25. Rxg3 Qxg3 0-1